Effect of oxygen vacancies on adhesion at the Nb/Al2O3 and Ni/ZrO2 interfaces; Physics of the Solid State; Vol. 50, iss. 3
| Parent link: | Physics of the Solid State: Scientific Journal Vol. 50, iss. 3.— 2008.— [P. 543-552] |
|---|---|
| Hlavní autor: | |
| Další autoři: | , |
| Shrnutí: | Title screen The atomic and electronic structures of the Nb/Al2O3(0001) and Ni/ZrO2(001) interfaces are calculated using density-functional theory. The formation energy of oxygen vacancies is estimated in bulk materials and in surface layers and interfaces for different uppermost atomic layers of oxide surfaces. The work of separation of metal films from oxide surfaces is determined. The effect of oxygen vacancies on the bonding of transition metals to atoms of a substrate determining adhesion at the metal-oxide interfaces is discussed. It is shown that the Nb(Ni)-O interaction at the interfaces weakens in the presence of surface oxygen vacancies. Режим доступа: по договору с организацией-держателем ресурса |
| Jazyk: | angličtina |
| Vydáno: |
2008
|
| Témata: | |
| On-line přístup: | http://link.springer.com/article/10.1134%2FS1063783408030256 |
| Médium: | MixedMaterials Elektronický zdroj Kapitola |
| KOHA link: | https://koha.lib.tpu.ru/cgi-bin/koha/opac-detail.pl?biblionumber=638907 |
MARC
| LEADER | 00000naa0a2200000 4500 | ||
|---|---|---|---|
| 001 | 638907 | ||
| 005 | 20250529154459.0 | ||
| 035 | |a (RuTPU)RU\TPU\network\3304 | ||
| 090 | |a 638907 | ||
| 100 | |a 20150216d2008 k||y0engy50 ba | ||
| 101 | 0 | |a eng | |
| 102 | |a DE | ||
| 135 | |a drcn ---uucaa | ||
| 181 | 0 | |a i | |
| 182 | 0 | |a b | |
| 200 | 1 | |a Effect of oxygen vacancies on adhesion at the Nb/Al2O3 and Ni/ZrO2 interfaces |f S. V. Eremeev, L. Yu. Nemirovich-Danchenko, S. E. Kul’kova | |
| 203 | |a Text |c electronic | ||
| 300 | |a Title screen | ||
| 320 | |a [References: p. 552 (17 tit.)] | ||
| 330 | |a The atomic and electronic structures of the Nb/Al2O3(0001) and Ni/ZrO2(001) interfaces are calculated using density-functional theory. The formation energy of oxygen vacancies is estimated in bulk materials and in surface layers and interfaces for different uppermost atomic layers of oxide surfaces. The work of separation of metal films from oxide surfaces is determined. The effect of oxygen vacancies on the bonding of transition metals to atoms of a substrate determining adhesion at the metal-oxide interfaces is discussed. It is shown that the Nb(Ni)-O interaction at the interfaces weakens in the presence of surface oxygen vacancies. | ||
| 333 | |a Режим доступа: по договору с организацией-держателем ресурса | ||
| 461 | |t Physics of the Solid State |o Scientific Journal | ||
| 463 | |t Vol. 50, iss. 3 |v [P. 543-552] |d 2008 | ||
| 610 | 1 | |a электронный ресурс | |
| 610 | 1 | |a труды учёных ТПУ | |
| 700 | 1 | |a Eremeev |b S. V. | |
| 701 | 1 | |a Nemirovich-Danchenko |b L. Yu. |c physicist |c Senior Lecturer of Tomsk Polytechnic University |f 1981- |g Lubov Yur'evna |3 (RuTPU)RU\TPU\pers\33577 |9 17236 | |
| 701 | 1 | |a Kul’kova |b S. E. | |
| 801 | 2 | |a RU |b 63413507 |c 20150217 |g RCR | |
| 850 | |a 63413507 | ||
| 856 | 4 | |u http://link.springer.com/article/10.1134%2FS1063783408030256 | |
| 942 | |c CF | ||